| 000 | 00629nam a2200193Ia 4500 | ||
|---|---|---|---|
| 008 | 090124s9999 xx 000 0 und d | ||
| 082 | _b40795 | ||
| 100 | _aथोरात पी. पी. | ||
| 245 | _a माझी शिपाईगिरी | ||
| 250 | _a1 | ||
| 260 |
_bमॅजेस्टिक प्रकाशन _c1988 |
||
| 300 | _a231 | ||
| 600 | _aथोरात पी. पी. | ||
| 630 | _a माझी शिपाईगिरी | ||
| 700 | _aथोरात पी. पी. | ||
| 700 | _aगोखले दि. वि. | ||
| 730 | _a माझी शिपाईगिरी | ||
| 942 | _cBOOK | ||
| 999 |
_c106591 _d106591 |
||